000
00281nam a22001337a 4500
008
210309b ||||| |||| 00| 0 eng d
041
_a
eng
080
_a
32
082
_a
32
100
_a
19
101
_a
SHK
245
_a
History of Florence
_c
Machiavelli, N
942
_2
udc
_c
BK
999
_c
56050
_d
56050